000 00417nam a2200181Ia 4500
001 18250
005 20260306171617.0
008 260306s9999||||xx |||||||||||||| ||und||
041 _aESP
082 _a658.402
_bC35 2009
100 _aCastro GarcĂ­a, Julio
_eAUT
245 0 _aComportamiento organizacional I
260 _c2009
300 _a
_c
650 _aGEN
654 _aCAN
942 _cLIB
_dJUS
_fJUS
_2ddc
_n
999 _c18250
_d18250